Afghanistan, a role for India / (Record no. 75581)

MARC details
000 -LEADER
fixed length control field 00889nam a22002537a 4500
005 - DATE AND TIME OF LATEST TRANSACTION
control field 20130618110353.0
010 ## - LCCN (DPL NO)
LC control number ENG-107357
020 ## - INTERNATIONAL STANDARD BOOK NUMBER
International Standard Book Number 9789380502526
Terms of availability 780.00
035 ## - SYSTEM CONTROL NUMBER
System control number EN-90890
037 ## - SOURCE OF ACQUISITION
Source of stock number/acquisition DBAD/PUB
082 ## - DEWEY DECIMAL CLASSIFICATION NUMBER
Classification number 327.9581054
245 10 - TITLE STATEMENT
Title Afghanistan, a role for India /
Statement of responsibility, etc edited by R.K. Sawhney, Arun Sehgal [and] Gurmeet Kanwal
260 ## - PUBLICATION, DISTRIBUTION, ETC. (IMPRINT)
Place of publication, distribution, etc New Delhi
Name of publisher, distributor, etc Centre for Land Warfare Studies
-- K.W. Publishers
Date of publication, distribution, etc 2011
270 ## - ADDRESS
Address 4676/21, F.F., Ansari Road, Daryaganj
City New Delhi
Postal code 110002
300 ## - PHYSICAL DESCRIPTION
Extent xi, 192p.
Dimensions 25cm(Hb)
500 ## - GENERAL NOTE
General note Includes index
650 ## - SUBJECT ADDED ENTRY--TOPICAL TERM
Topical term or geographic name as entry element Nation-building
Geographic subdivision Afghanistan.
650 ## - SUBJECT ADDED ENTRY--TOPICAL TERM
Topical term or geographic name as entry element National security
Geographic subdivision Afghanistan.
700 ## - ADDED ENTRY--PERSONAL NAME
Personal name Sawhney, R. K.
Fuller form of name (Ravi K.)
700 ## - ADDED ENTRY--PERSONAL NAME
Personal name Sahgal, Arun
700 ## - ADDED ENTRY--PERSONAL NAME
Personal name Kanwal, Gurmeet
710 ## - ADDED ENTRY--CORPORATE NAME
Corporate name or jurisdiction name as entry element Centre for Land Warfare Studies (New Delhi, India)
942 ## - ADDED ENTRY ELEMENTS (KOHA)
Source of classification or shelving scheme Dewey Decimal Classification
Item type English Books
Call number suffix AFG
Classification part 327.9581054
Holdings
Withdrawn status Lost status Not for loan Collection code Home library Current library Date acquired Source of acquisition Cost, normal purchase price Full call number Barcode Copy number Cost, replacement price Koha item type
    Not For Loan Non-fiction D.B.Act.Division D.B.Act.Division 29/05/2013 DBAD/PUB 780.00 327.9581054 AFG EN-90890 1 780.00 English Books

© Delhi Public Library
Hit Counter
free hit counter